1344 1727 1709 1885 1095 1997 1779 1672 1147 1287 1531 1367 1302 1033 1601 1462 1613 1490 1640 1480 1503 1391 1454 1747 1386 1177 1620 1803 1078 1350 1120 1625 1001 1054 1488 1376 1011 1274 1831 1067 1055 1134 1791 1596 1772 1548 1759 1624 1287 1401 1213 1768 1546 1690 1063 1593 1002 1793 1664 1662 1335 1327 1383 1854 1630 1447 1032 1067 1257 1955 1515 1440 1275 1311 1623 1374 1183 1051 1653 1237 1160 1126 1900 1772 1952 1479 1274 1985 1151 1489 1268 1732 1565 1017 1690 1501 1940 1043 1822 BCNSPRNW ULIB Ver.6.0+V

เปลี่ยนเป็นภาษาไทย

Change to English
 แสดงรายละเอียดบรรณานุกรม
  กลับหน้าหลัก

Brief Record : Get Marc (ISO 2709) : E-mail record : QR code < ปิดหน้าต่าง
LEADER : 00000nam 2200000uu 4500
001    13399113599
003     ULIB
008    020711s2551 th a 000 0 tha d
020    9786169062615
090    นว.^bพ912ช 2551
100    เพฑูรย์
245    เชลยใจเจ้าพ่อ/^cเพฑูรย์
250    พิมพ์ครั้งที่ 3
260    กรุงเทพฯ :^bไลต์ ออฟ เลิฟ,^c2551
300    282 หน้า
710 1  ไลต์ ออฟ เลิฟ
945    ^p229^l0^i17063
995    ทศพร
999 ^a ทศพร
รายการนี้ยังไม่มีแท็ก
คุณยังไม่ได้ล็อกอิน คุณสามารถมีกิจกรรมร่วมกับเว็บไซต์ได้ แต่ต้องล็อกอินก่อน ::
  ล็อกอิน

รายการสื่อสารสนเทศ

ลำดับที่ ประเภท เลขเรียก/บาร์โค้ด สถานที่ สถานะ
1. นวนิยาย
นวนิยาย
นว. พ912ช 2551 ฉ.1 
  Barcode: 17063
ห้องสมุดวิทยาเขตสวรรค์ประชารักษ์
►นวนิยาย
บนชั้น
  ขอยืม

รายการใกล้เคียง
    ผู้แต่ง [เพฑูรย์]

BibComment


ยังไม่เคยถูกคอมเมนท์

คอมเมนท์ทรัพยากรรายการนี้
  คอมเมนท์: เชลยใจเจ้าพ่อ เพฑ..

สมาชิกที่บันทึกรายการนี้ไว้ในรายการโปรด
จิรวรรณ พวงสมบัติ

 Copyright 2026. Bcnsprnw @Library